00720cam a2200193 a 450000100100000000500170001000800410002704000250006808200150009310000380010824500500014626000540019630000210025049000370027150400390030865000490034795201130039699900170050900001578120200929164142.0760712s1974 ag b 001 0 spa  aDO-SdBNPbspacBNPHU a026bL781b1 aLitton, Gaston,d1913-199493552113aLa biblioteca especializada /cGaston Litton. aBuenos Aires :bBowker Editores Argentina,c1974. a208 p. ;c20 cm.1 aBreviarios del bibliotecariov18 aIncluye bibliografía (p. [203]). 4aBibliotecas especializadaszArgentina935522 001050718MOaGRbGRcHDd2010-02-17iLF1l0o026 L781bp15781-10r2020-06-25w2020-06-25y1ZNo se presta c15328d15328